Guidance manual for tanker structures: inc. Guidelines for the Inspection and Maintenance of Double Hull Tanker Structure / (Record no. 442)

000 -LEADER
fixed length control field 00557 a2200157 4500
008 - FIXED-LENGTH DATA ELEMENTS--GENERAL INFORMATION
fixed length control field 221229b ||||| |||| 00| 0 eng d
020 ## - INTERNATIONAL STANDARD BOOK NUMBER
International Standard Book Number 9781856096942
082 00 - DEWEY DECIMAL CLASSIFICATION NUMBER
Classification number 623.824
Item number T8779
110 ## - MAIN ENTRY--CORPORATE NAME
9 (RLIN) 2794
Corporate name or jurisdiction name as entry element Tanker Structure Co-operative Forum
245 ## - TITLE STATEMENT
Title Guidance manual for tanker structures: inc. Guidelines for the Inspection and Maintenance of Double Hull Tanker Structure /
250 ## - EDITION STATEMENT
Edition statement 1st ed.
260 ## - PUBLICATION, DISTRIBUTION, ETC. (IMPRINT)
Place of publication, distribution, etc Scotland:
Name of publisher, distributor, etc Witherby Seamanship International,
Date of publication, distribution, etc 2016.
300 ## - PHYSICAL DESCRIPTION
Extent vii, 413 p.
650 #0 - SUBJECT ADDED ENTRY--TOPICAL TERM
Topical term or geographic name as entry element Tankers--Maintenance and repair
942 ## - ADDED ENTRY ELEMENTS (KOHA)
Source of classification or shelving scheme
Item type Books
Holdings
Withdrawn status Lost status Source of classification or shelving scheme Damaged status Not for loan Permanent location Current location Date acquired Source of acquisition Full call number Barcode Date last seen Koha item type
          IMU Kolkata IMU Kolkata 2017-03-02 Jyoti, the Book People 623.824 T8779 11951 2019-09-24 Books
Designed and Maintained by IMU-KC Library, Kolkata Campus © Copyright All Rights Reserved

webs counters

Powered by Koha